000 00393nam a2200133Ia 4500
008 100328s9999 xx 000 0 und d
082 _b10039
100 _aपाटील दिनकर द.
245 _aदसरा उजाडला
260 _bग.का.रायकर
630 _aदसरा उजाडला
730 _aदसरा उजाडला
942 _cBOOK
999 _c505587
_d505584